01889pam a2200361 a 4500999001700000001000800017003000900025005001700034008004100051020001500092040003800107082002400145100003600169245009800205264005800303264001000361300004500371336002600416337002800442338002700470500002500497504004100522520042000563650005400983650004901037653002101086655002401107856008901131856010401220906004501324942001201369952014601381 c28413d283842106859EG-ScBUE20200705095634.0960530t1996 caua f b 000 0 eng d a0941188248 aDLCbengerdacDLCdDLCdEG-ScBUE04a791.430233bWES2221 aWeston, Judith,d1946-eauthor.10aDirecting actors :bcreating memorable performances for film and television /cJudith Weston. 1aStudio City, CA :bMichael Wiese Productions,c[1996] 4cc1996 axiv, 314 pages :billustrations ;c21 cm 2rdacontentatextbtxt 2rdamediaaunmediatedbn 2rdacarrieravolumebnc aIncludes appendices. aIncludes bibliographical references. aThis is essential reading for anyone interested in directing or acting. Judith Weston's brilliance is to recognize that directors, actors, writers, and technicians are involved in a process that is at essence a collaboration. In order for them to have the best shot at creating something true and meaningful, they must share a language and a method of exchange that fosters creative cooperation. Weston rightly sees 7aMotion picturesxProduction and direction.2BUEsh 7aTelevisionxProduction and direction.2BUEsh bCOMAMEcJuly2020 vReading book934232423Publisher descriptionuhttp://www.loc.gov/catdir/enhancements/fy0715/96025539-d.html423Contributor biographical informationuhttp://www.loc.gov/catdir/enhancements/fy0912/96025539-b.html a7bcbccorignewd1eocipf19gy-gencatlg 2ddccBB 00102ddc40708BaccahaMAINbMAINc2NDd2020-07-05ePurchasel1o791.430233 WESp000049287r2026-03-24 00:00:00s2026-03-16w2020-07-05yBB